| 000 | 00685nam a2200241 a 4500 | ||
|---|---|---|---|
| 001 | BRL_220 | ||
| 005 | 20190320210636.0 | ||
| 008 | 780116s1971 mx-a######---#000-0#spa-# | ||
| 041 | _aspa | ||
| 044 | _amx | ||
| 050 | 4 |
_aF1230.M3 _b.S66 1971 |
|
| 100 | 1 |
_aSomonte, Mariano G. _923266 |
|
| 245 | 1 | 0 |
_aDoña Marina, ´la Malinche´ _cMariano G. Somonte. |
| 250 | _a2 | ||
| 260 |
_aMéxico _bMariano G. Somonte _c1971 |
||
| 300 |
_axvi, 202 p. _bil. (algunas a color) _c25 cm. |
||
| 500 | _aIncluye apéndices | ||
| 500 | _aAu262 | ||
| 504 | _aBibliografía: p. 187-200 | ||
| 600 | 1 | 4 |
_aMarina (la malinche) _dca. 1505-ca. 1530 _vBiografías _923267 |
| 902 | _aGRL | ||
| 942 |
_2lcc _cB |
||
| 999 |
_c9033 _d9033 |
||